[Event "Mogi Guacu City-ch 3rd"]
[Site "Mogi Guacu"]
[Date "2023.03.19"]
[Round "8"]
[White "Pereira, Thiago Henrique"]
[Black "Vaz, Pedro Henrique Lins"]
[Result "1-0"]
[WhiteElo "1750"]
[BlackElo "1801"]
[PlyCount "73"]
[EventDate "2023.03.17"]
[EventType "tourn"]
[EventRounds "9"]
[EventCountry "BRA"]
[SourceTitle "CBM 213 Extra"]
[Source "ChessBase"]
[SourceDate "2023.05.31"]
[SourceVersion "1"]
[SourceVersionDate "2023.05.31"]
[SourceQuality "1"]

1. e4 e5 2. Nf3 Nc6 3. Bc4 Bc5 4. 0-0 Nf6 5. d3 h6 6. c3 0-0 7. b4 Bb6 8. b5 Na5 9. Nxe5 Nxc4 10. Nxc4 c6 11. Nba3 d5 12. Nxb6 axb6 13. e5 Nd7 14. d4 Qe7 15. Nc2 Re8 16. Ne3 Nf8 17. f4 f5 18. Qd3 Qf7 19. a4 Be6 20. Ba3 Ng6 21. Bd6 Ne7 22. Bxe7 Rxe7 23. g4 Rf8 24. gxf5 Bxf5 25. Nxf5 Qxf5 26. Qxf5 Rxf5 27. bxc6 bxc6 28. Rab1 Rb7 29. Rb2 Rf8 30. Rfb1 Rfb8 31. Kg2 Kf7 32. f5 g6 33. Rf1 g5 34. Rc1 c5 35. Rcb1 cxd4 36. cxd4 h5 37. Rb5 1-0

[Event "Mogi Guacu City-ch 3rd"]
[Site "Mogi Guacu"]
[Date "2023.03.18"]
[Round "4"]
[White "Escanavaqui, Joao Pedro Torriani"]
[Black "Vaz, Pedro Henrique Lins"]
[Result "0-1"]
[WhiteElo "1738"]
[BlackElo "1801"]
[PlyCount "56"]
[EventDate "2023.03.17"]
[EventType "tourn"]
[EventRounds "9"]
[EventCountry "BRA"]
[SourceTitle "CBM 213 Extra"]
[Source "ChessBase"]
[SourceDate "2023.05.31"]
[SourceVersion "1"]
[SourceVersionDate "2023.05.31"]
[SourceQuality "1"]

1. e4 e5 2. Nf3 Nc6 3. Bb5 a6 4. Ba4 Nf6 5. 0-0 Bc5 6. c3 0-0 7. Bc2 h6 8. d4 exd4 9. cxd4 Bb4 10. a3 Ba5 11. b4 Bb6 12. Bb2 d6 13. Qd3 Re8 14. Nbd2 Bg4 15. e5 dxe5 16. Nxe5 Nxe5 17. dxe5 Qxd3 18. Bxd3 Nd7 19. Rae1 Rad8 20. Bc4 Nxe5 21. Bxe5 Rxd2 22. Re4 Bf5 23. Bf4 Rxe4 24. Bxd2 Rxc4 25. Be3 Bxe3 26. fxe3 Bg6 27. Kf2 c5 28. Rb1 Bxb1 0-1

[Event "Mogi Guacu City-ch 3rd"]
[Site "Mogi Guacu"]
[Date "2023.03.18"]
[Round "3"]
[White "Sanchez, Ivan Roberto"]
[Black "Vaz, Pedro Henrique Lins"]
[Result "1-0"]
[WhiteElo "1730"]
[BlackElo "1801"]
[PlyCount "111"]
[EventDate "2023.03.17"]
[EventType "tourn"]
[EventRounds "9"]
[EventCountry "BRA"]
[SourceTitle "CBM 213 Extra"]
[Source "ChessBase"]
[SourceDate "2023.05.31"]
[SourceVersion "1"]
[SourceVersionDate "2023.05.31"]
[SourceQuality "1"]

1. d4 d5 2. Nf3 Nf6 3. g3 g6 4. Bg2 Bg7 5. 0-0 0-0 6. Nbd2 Nbd7 7. b3 b6 8. Bb2 Bb7 9. c4 e6 10. Rc1 a5 11. Qc2 c6 12. Rfd1 Rc8 13. e4 dxe4 14. Nxe4 Nxe4 15. Qxe4 Nf6 16. Qe1 Nd7 17. Ba3 Re8 18. Ne5 Rc7 19. Bd6 Rc8 20. a4 Bf8 21. Bxf8 Nxf8 22. Qd2 Kg7 23. Ng4 f5 24. Qh6+ Kg8 25. Ne5 Qf6 26. h4 Qg7 27. Qd2 Nd7 28. Nxd7 Qxd7 29. c5 Qc7 30. cxb6 Qxb6 31. Rc5 Ra8 32. Qc3 Rec8 33. Bf1 Qb4 34. Qxb4 axb4 35. Rc4 Ba6 36. Rxb4 Bxf1 37. Kxf1 Rab8 38. Rxb8 Rxb8 39. Rd3 Kf7 40. Ke2 Ke7 41. f4 Kd6 42. Rc3 Rb4 43. Kd3 h6 44. Ke3 Rb7 45. Kd2 Rb4 46. Rd3 Kd5 47. Kc3 c5 48. dxc5+ Kxc5 49. Re3 Rb6 50. Re5+ Kd6 51. a5 Rc6+ 52. Kb4 g5 53. hxg5 hxg5 54. Re3 gxf4 55. gxf4 Rc5 56. Rxe6+ 1-0

[Event "Mogi Guacu City-ch 3rd"]
[Site "Mogi Guacu"]
[Date "2023.03.18"]
[Round "6"]
[White "Trindade, Renan"]
[Black "Vaz, Pedro Henrique Lins"]
[Result "1-0"]
[WhiteElo "1767"]
[BlackElo "1801"]
[PlyCount "117"]
[EventDate "2023.03.17"]
[EventType "tourn"]
[EventRounds "9"]
[EventCountry "BRA"]
[SourceTitle "CBM 213 Extra"]
[Source "ChessBase"]
[SourceDate "2023.05.31"]
[SourceVersion "1"]
[SourceVersionDate "2023.05.31"]
[SourceQuality "1"]

1. e4 e5 2. Nf3 Nc6 3. Nc3 Bb4 4. Bc4 d6 5. h3 Nf6 6. d3 h6 7. 0-0 0-0 8. a3 Ba5 9. b4 Bb6 10. Be3 Re8 11. Re1 Be6 12. Bb5 a6 13. Ba4 d5 14. Bxb6 cxb6 15. Qe2 b5 16. Bb3 dxe4 17. Bxe6 Rxe6 18. dxe4 Rc8 19. Rad1 Qe7 20. Nd5 Qd8 21. Qd2 Rd6 22. Nxf6+ Rxf6 23. Qd7 Qc7 24. Qd5 Rd8 25. Qc5 Rfd6 26. Rxd6 Qxd6 27. Qxd6 Rxd6 28. Rc1 f6 29. c3 b6 30. Kf1 Kf7 31. Ke2 Ke6 32. g3 f5 33. Nd2 Ne7 34. f3 g5 35. c4 Rc6 36. c5 bxc5 37. Rxc5 Rxc5 38. bxc5 Nc6 39. g4 fxg4 40. hxg4 Nd4+ 41. Ke3 Nc2+ 42. Ke2 Nxa3 43. Nb3 b4 44. Kd3 Kd7 45. Na5 Nb5 46. Kc4 Nd4 47. Kxb4 Nxf3 48. Kc4 Nh2 49. Kd5 Nxg4 50. Nc4 h5 51. Nxe5+ Nxe5 52. Kxe5 a5 53. Kf6 g4 54. e5 Ke8 55. c6 g3 56. e6 Kd8 57. e7+ Kc7 58. e8Q g2 59. Qg8 1-0